|
|
|
|
| LEADER |
00969nam a2200253 a 4500 |
| 001 |
817956 |
| 008 |
110714s1977 njua b 001 0 eng |
| 010 |
|
|
|a 76026705
|
| 020 |
|
|
|a 0138274851
|
| 040 |
|
|
|a DLC
|c DLC
|d DLC
|d BD-DhAAL
|
| 082 |
0 |
0 |
|a 808.5
|
| 100 |
1 |
|
|a Ross, Raymond Samuel,
|d 1925-
|
| 245 |
1 |
0 |
|a Speech communication :
|b fundamentals and practice /
|c Raymond S. Ross.
|
| 250 |
|
|
|a 4th ed.
|
| 260 |
|
|
|a Englewood Cliffs, N.J. :
|b Prentice Hall,
|c c1977.
|
| 300 |
|
|
|a xi, 450 p. :
|b ill. ;
|c 24 cm.
|
| 490 |
0 |
|
|a The Prentice-Hall series in speech communication
|
| 504 |
|
|
|a Includes bibliographical references and index.
|
| 541 |
|
|
|e 00000047
|
| 650 |
|
0 |
|a Oral communication.
|
| 650 |
|
0 |
|a Public speaking.
|
| 852 |
1 |
|
|a Ayesha Abed Library
|c General Shelf.
|
| 999 |
|
|
|c 11077
|d 11077
|
| 952 |
|
|
|0 0
|1 0
|2 ddc
|4 0
|6 808_500000000000000_ROS
|7 0
|9 17447
|a BRACUL
|b BRACUL
|c GEN
|d 2011-07-15
|g 0.00
|l 0
|o 808.5 ROS
|p 3010000047
|r 2016-08-30
|t 1
|w 2011-07-15
|y BK
|x Not price in Register
|